000 01702cam a2200469 a 4500
001 21416
003 VRT
005 20260302095845.0
008 160430s2013 xo a b 000 j slo
015 _aSNBA2013/06
020 _a9788081420962 (viaz.)
035 _aA09BFB11-6BAD-41DC-A0B1-F89863C230B4
035 _aurn:nbn:sk:snk-amjn8v
035 _aurn:nbn:sk:snk-am001oaa
039 9 _a202406161007
_bAUTHORITY
_c202406071213
_dAUTHORITY
_c202406071206
_dAUTHORITY
_c201604301140
_dVLOAD
040 _aSVKBB
_bslo
_cSVKBB
_dSNK
_eAACR2
041 1 _aslo
_heng
044 _axo
_cSK
072 7 _a821-93
_xLiteratúra pre deti a mládež (beletria)
_2konspekt
080 _a821-34
_22001
080 _a821-93
_22001
240 1 0 _aOnce upon a time
_lSlovensky
245 0 0 _aRozprávkové čítanie
_c[ilustrácie Gill Guile ; preklad: Mária Štefánková]
260 _aBratislava
_bFortuna Libri
_c2013
300 _a90 s.
_bfareb. ilustr.
_c24 cm
490 1 _aFortuna Junior
500 _aPreložené z angličtiny
655 7 _arozprávky
_2SNKPH
655 7 _apublikácie pre deti
_2SNKPH
655 7 _aFairy tales
_2SNKPHeng
655 7 _aChildren's literature
_2SNKPHeng
700 1 _aŠtefánková, Mária,
_d1951-
_4trl
700 1 _aGuile, Gill,
_d1955-
_4ill
830 0 _aFortuna Junior
942 _2ddc
_cKLDE
_n0
949 _6270001000414685
_asvkbbB 49664
_bsvkbbm 735935
949 _617A1071252
_asnkSC 153241 D1
_bsnk2013/11554
_o1132/13
949 _6273K0568223
_asvkpoB 91392
_bsvkpo569113
949 _617A1071251
_asnkSC 153241
_bsnk2013/11553
_o1132/13
949 _62889199410
_asavukPV 17596
_bsavuk2013/1612
999 _c21416
_d21416